00501nam a2200169 a 45000010010000000030011000100080041000210200015000620350026000771000021001032450083001242600035002073000016002425000025002586500018002838560030003010001-1145ELIB.Books150505 2010 eng  a1559637994 a(ELIB.Books)0001-1300 aRabinowitz, Alan aBeyond The Last VillagebA Journey of Discovery in Asia's Forbidden Wilderness aWashingtonbIsland Pressc2001 a300 c24 Cm aC/o Dr. Yahalaylayla aZoology-Burma nKBTS: LibraryuKBTS: Elib